Legislacion notarial y registral: Provincia de Buenos Aires / CABA / Nacion (6® edicin̤)

Detalles Bibliográficos
Formato: eBook
Lenguaje:español
Publicado: Ciudad Autn̤oma de Buenos Aires: Editorial Scotti Libros, 2013
Materias:
Acceso en línea:Acceso restringido

MARC

LEADER 00000nam a22000007a 4500
005 20140714210842.0
007 cr|||| ||||
008 140714s2013 ar |||||s|||| 00||0 spa d
020 |a 987-9086-39-2 
035 |a 12251 
040 |a vLex 
090 |c 5038  |d 5038 
245 0 0 |a Legislacion notarial y registral: Provincia de Buenos Aires / CABA / Nacion (6® edicin̤)  |h [Recurso electrn̤ico] / 
256 |a Servicio en ln̕ea 
260 |a Ciudad Autn̤oma de Buenos Aires:  |b Editorial Scotti Libros,  |c 2013 
300 |a 1 recurso electrn̤ico 
500 |a Provincia de Buenos Aires / CABA / Nacion. 
506 1 |a Disponible solo en los productos indicados  |d vLex Global  |d vLex Global (Academic Edition, excluding Law Schools)  |d vLex Global (U.S. Academic Edition, Law Schools)  |d vLex Global (U.S. Academic Edition, excluding Law Schools)  |d vLex Global (Academic Edition, Law Schools) 
650 0 4 |a Derecho Civil  |z Argentina 
650 0 4 |a Notariado  |z Argentina 
740 0 |a vLex Libros (Servicio en ln̕ea) 
856 4 0 |u http://vlex.com/source/legislacion-notarial-registral-provincia-buenos-aires-caba-nacion-6-edicion--12251  |z Acceso restringido 
942 |c BOOK 
999 0 |a Civil Law 
999 0 |a Notaries